00672nam a2200181 a 450000100100000000500170001000800410002702000180006804000250008610000300011124501000014126000280024130000280026949000320029783000390032995201050036899900170047300004077820201002034355.0130906s2012 sp 000 0 spa d a9788496431270 aDO-SdBNPbspacBNPHU1 aCopedé, Maurizio96718810aRestauración del papel :bprevención, conservación, reintegración /cMaurizio Copedé. aMadrid :bNerea,c2012. a159 p. :bil. ;c25 cm.1 aArte y restauración ;v16 0aArte y restauración ;v16967189 001050718MOaGRbGRcCTd2013-09-06iLF1l0o p40778-10r2020-06-25w2020-06-25y1ZNo se presta c40268d40268